000
00304nam a22001337a 4500
003
OSt
005
20231128162217.0
008
231128b |||||||| |||| 00| 0 eng d
040
_c
CO-JMCR
082
_a
N /
_b
MURu1
100
_a
Murakami, Haruki,
_9
42992
245
_a
1Q84 :
_b
libro 3 /
942
_2
ddc
_c
BK
999
_c
30430
_d
16814